Normal view
MARC view
- Sparks, Nicholas.
Entry Personal Name
001 - CONTROL NUMBER
- control field: 10035
003 - CONTROL NUMBER IDENTIFIER
- control field: NUST
005 - DATE AND TIME OF LATEST TRANSACTION
- control field: 20180227060953.0
008 - FIXED-LENGTH DATA ELEMENTS
- fixed length control field: 180227|| aca||aabn | a|a d
040 ## - CATALOGING SOURCE
- Original cataloging agency: NUST
- Transcribing agency: NUST
100 ## - HEADING--PERSONAL NAME
- Personal name: Sparks, Nicholas.
670 ## - SOURCE DATA FOUND
- Source citation: Work cat.: (NUST)0: Sparks, Nicholas., True believer /, 2005.
